Normal view
MARC view
- Mehra, Parshotam
Entry Personal Name
001 - CONTROL NUMBER
- control field: 2769
003 - CONTROL NUMBER IDENTIFIER
- control field: OSt
005 - DATE AND TIME OF LATEST TRANSACTION
- control field: 20101204145904.0
008 - FIXED-LENGTH DATA ELEMENTS
- fixed length control field: 101204|||a|||||| | ||| d
040 ## - CATALOGING SOURCE
- Original cataloging agency: OSt
- Transcribing agency: OSt
100 ## - HEADING--PERSONAL NAME
- Personal name: Mehra, Parshotam
670 ## - SOURCE DATA FOUND
- Source citation: Work cat.: (OSt): Mehra, Parshotam, The north-eastern frontier, 1980
670 ## - SOURCE DATA FOUND
- Source citation: Work cat.: (OSt): Mehra, Parshotam, The north-eastern frontier, 1980
